000 00465nam a2200157 i 4500
001 128744
003 ES-MaACL
005 20230906193343.0
007 t|
008 070524s1913 ve ||||1| spa d
100 1 _aTavera-Acosta, Bartolomé.
_9109419
245 1 0 _aAnales de la Guayana /
_cpor Bartolomé Tavera-Acosta.
260 _aCiudad Bolivar (Venezuela) :
_b[s.n.],
_c1913 (
_fTip. La Empresa)
300 _a2 v. ;
_c28 cm.
852 _aES-MaACL
_jC-1877-8
999 _c128744
_d128744